| 000 | 00415nam a2200145Ia 4500 | ||
|---|---|---|---|
| 008 | 220803s9999 xx 000 0 und d | ||
| 041 | _aeng | ||
| 082 | _a722 VAU | ||
| 100 |
_aVaughan P Ed. _913957 |
||
| 245 | _aVictoria Memorial Hall Calcutta : Conception Collection Conservation | ||
| 260 |
_aMumbai _bMarg Publication _c1997 |
||
| 300 | _a91p | ||
| 500 | _aArchitecture | ||
| 650 |
_aArchitectural History _913958 |
||
| 999 |
_c10690 _d10690 |
||